MARC details
| 000 -LEADER |
| fixed length control field |
01433cam a22003734a 4500 |
| 001 - CONTROL NUMBER |
| control field |
14489673 |
| 003 - CONTROL NUMBER IDENTIFIER |
| control field |
BDDh-ASL |
| 005 - DATE AND TIME OF LATEST TRANSACTION |
| control field |
20231015025756.0 |
| 008 - FIXED-LENGTH DATA ELEMENTS--GENERAL INFORMATION |
| fixed length control field |
060810s2006 ii 000 0 eng |
| 010 ## - LIBRARY OF CONGRESS CONTROL NUMBER |
| LC control number |
2006413562 |
| 025 ## - OVERSEAS ACQUISITION NUMBER |
| Overseas acquisition number |
I-E-2006-413562; 63-32 |
| 037 ## - SOURCE OF ACQUISITION |
| Source of stock number/acquisition |
Library of Congress -- New Delhi Overseas Office |
| Terms of availability |
Rs700.00 |
| 040 ## - CATALOGING SOURCE |
| Original cataloging agency |
DLC |
| Transcribing agency |
DLC |
| Modifying agency |
BDDh-ASL |
| 042 ## - AUTHENTICATION CODE |
| Authentication code |
lcode |
| 043 ## - GEOGRAPHIC AREA CODE |
| Geographic area code |
a-ii--- |
| 050 00 - LIBRARY OF CONGRESS CALL NUMBER |
| Classification number |
JQ379.5.A956 |
| Item number |
B36 2006 |
| 082 ## - DEWEY DECIMAL CLASSIFICATION NUMBER |
| Classification number |
324 |
| Item number |
BAE |
| 100 1# - MAIN ENTRY--PERSONAL NAME |
| Personal name |
Banerjee, Dilip, |
| Dates associated with a name |
1932- |
| 245 10 - TITLE STATEMENT |
| Title |
Election recorder : |
| Remainder of title |
an analytical reference / |
| Statement of responsibility, etc. |
Dilip Banerjee. |
| 250 ## - EDITION STATEMENT |
| Edition statement |
Rev. ed. |
| 260 ## - PUBLICATION, DISTRIBUTION, ETC. |
| Place of publication, distribution, etc. |
Kolkata : |
| Name of publisher, distributor, etc. |
Star Pub. House : |
| -- |
Available at National Book Agency, |
| Date of publication, distribution, etc. |
2006. |
| 300 ## - PHYSICAL DESCRIPTION |
| Extent |
906 p. ; |
| Dimensions |
25 cm. |
| 500 ## - GENERAL NOTE |
| General note |
Accompanied with supplement titled: West Bengal Assembly election results, 2006 (p. 692-758). |
| 500 ## - GENERAL NOTE |
| General note |
"Bengal, West Bengal 1862-2004"--Cover. |
| 500 ## - GENERAL NOTE |
| General note |
Previously published: Calcutta : Book Front Publication Forum, 1990. |
| 610 10 - SUBJECT ADDED ENTRY--CORPORATE NAME |
| Corporate name or jurisdiction name as entry element |
West Bengal (India). |
| Subordinate unit |
Legislative Assembly |
| General subdivision |
Elections |
| Form subdivision |
Statistics. |
| 610 10 - SUBJECT ADDED ENTRY--CORPORATE NAME |
| Corporate name or jurisdiction name as entry element |
India. |
| Subordinate unit |
Parliament. |
| -- |
Lok Sabha |
| General subdivision |
Elections |
| Form subdivision |
Statistics. |
| 650 #0 - SUBJECT ADDED ENTRY--TOPICAL TERM |
| Topical term or geographic name entry element |
Elections |
| Geographic subdivision |
India |
| -- |
West Bengal |
| Form subdivision |
Statistics. |
| 650 #0 - SUBJECT ADDED ENTRY--TOPICAL TERM |
| Topical term or geographic name entry element |
Legislators |
| Geographic subdivision |
India |
| -- |
West Bengal |
| Form subdivision |
Registers. |
| 650 #0 - SUBJECT ADDED ENTRY--TOPICAL TERM |
| Topical term or geographic name entry element |
Legislators |
| Geographic subdivision |
India |
| -- |
Bengal |
| Form subdivision |
Registers. |
| 906 ## - LOCAL DATA ELEMENT F, LDF (RLIN) |
| a |
7 |
| b |
cbc |
| c |
origode |
| d |
3 |
| e |
ncip |
| f |
20 |
| g |
y-gencatlg |
| 942 ## - ADDED ENTRY ELEMENTS (KOHA) |
| Source of classification or shelving scheme |
Dewey Decimal Classification |
| Koha item type |
Books |